000 00841nam a2200217 a 4500
001 47098
003 BD-RjUL
005 20211209054247.0
008 160807m1979 bg ||||| |||| 00| 0 ben d
035 _a(BD-RjUL)47217
040 _aBD-RjUL
_bben
_cBD-RjUL
041 _aben
082 _223
_aB 297.273
_bMOI 1979
100 _aমওদূদী, সাইয়েদ আবুল আ'লা.
_9123985
245 _aইসলাম ও আধুনিক অর্থনৈতিক মতবাদ /
_cসাইয়েদ আবুল আ'লা মওদূদী.
260 _aঢাকা :
_bআধুনিক প্রকাশনী,
_c১৯৭৯.
300 _a৯৮ পৃ. ;
_c২০ সেমি.
650 _aইসলাম
_xঅর্থনীতি
_9143433
650 _aIslam
_xEconomics
_9143434
942 _2ddc
_cBK
999 _c47098
_d47098